<?xml version="1.0" encoding="UTF-8"?><?xml-stylesheet type="text/xsl" href="static/style.xsl"?><OAI-PMH xmlns="http://www.openarchives.org/OAI/2.0/" xmlns:xsi="http://www.w3.org/2001/XMLSchema-instance" xsi:schemaLocation="http://www.openarchives.org/OAI/2.0/ http://www.openarchives.org/OAI/2.0/OAI-PMH.xsd"><responseDate>2026-06-01T23:50:38Z</responseDate><request verb="GetRecord" identifier="oai:riuma.uma.es:10630/3554" metadataPrefix="marc">https://riuma.uma.es/rest/oai/request</request><GetRecord><record><header><identifier>oai:riuma.uma.es:10630/3554</identifier><datestamp>2026-02-03T12:48:53Z</datestamp><setSpec>com_10630_27</setSpec><setSpec>com_10630_3139</setSpec><setSpec>com_10630_10</setSpec><setSpec>col_10630_560</setSpec></header><metadata><record xmlns="http://www.loc.gov/MARC21/slim" xmlns:dcterms="http://purl.org/dc/terms/" xmlns:doc="http://www.lyncode.com/xoai" xmlns:xsi="http://www.w3.org/2001/XMLSchema-instance" xsi:schemaLocation="http://www.loc.gov/MARC21/slim http://www.loc.gov/standards/marcxml/schema/MARC21slim.xsd">
   <leader>00925njm 22002777a 4500</leader>
   <datafield ind2=" " ind1=" " tag="042">
      <subfield code="a">dc</subfield>
   </datafield>
   <datafield ind2=" " ind1=" " tag="720">
      <subfield code="a">Herrera Gallastegui, Mercedes</subfield>
      <subfield code="e">author</subfield>
   </datafield>
   <datafield ind2=" " ind1=" " tag="720">
      <subfield code="a">Aedo, Carlos</subfield>
      <subfield code="e">author</subfield>
   </datafield>
   <datafield ind2=" " ind1=" " tag="720">
      <subfield code="a">Díaz González, Tomás Emilio</subfield>
      <subfield code="e">author</subfield>
   </datafield>
   <datafield ind2=" " ind1=" " tag="720">
      <subfield code="a">Fernández Prieto, José Antonio</subfield>
      <subfield code="e">author</subfield>
   </datafield>
   <datafield ind2=" " ind1=" " tag="260">
      <subfield code="c">1988</subfield>
   </datafield>
   <datafield ind2=" " ind1=" " tag="520">
      <subfield code="a">Se lleva a cabo una revisión de las comunidades pioneras y nitrófilas propias de biótopos intensamente pisoteados (Polygono-Poetea annuae) existentes en los territorios colinos y montanos de la cornisa Cantábrica (provincias Cántabro-Atlántica y Orocantábrica).Se reafirma la existencia en estas áreas de comunidades referibles a la Polygono-Matricarietum matricarioidis, Bryo-Saginetum procumbentis, Polygono-Coronopetum squamati, y, posiblemente, de la Crassulo tillaeae-Saginetum apetalae. Se describe una nueva asociación que se desarrolla en suelos con un cierto grado de salinidad en las áreas portuarias y sendas de los acantilados del litoral cantábrico: Poo annuae-Spergularietum salinae.</subfield>
   </datafield>
   <datafield ind2=" " ind1=" " tag="520">
      <subfield code="a">In this paper is carried out a revision of the nitrophylous and pioneer communities from intensely trampled biotopes (Polygono Poetea annuae) existing in the colinous and montanous territories of the Cantabrian cornice (Pronvinces Cántabro-Atlántica and Orocantábrica). It is reasserted the existence in these areas of communities referable to Polygono Matricarietum matricarioidis, Bryo Saginetum procumbentis, Polygono Coronopetum squamati and perhaps to Crassulo tillaeae Saginatum apetalae. It is described a new association developed on somewhat salted soils in harbour areas and paths on the cantabrian coastal cliffs: Poo annuae Spergularietum salinae</subfield>
   </datafield>
   <datafield ind1="8" ind2=" " tag="024">
      <subfield code="a">Acta Botánica Malacitana, Nº 13&#xd;
, 1988, Págs. 326&#xd;
-332</subfield>
   </datafield>
   <datafield ind1="8" ind2=" " tag="024">
      <subfield code="a">02109506</subfield>
   </datafield>
   <datafield ind1="8" ind2=" " tag="024">
      <subfield code="a">http://hdl.handle.net/10630/3554</subfield>
   </datafield>
   <datafield ind2="0" ind1="0" tag="245">
      <subfield code="a">Una nueva asociación cantábrica de la Clase Polygono-poetea annuae: poo annuae-spergularietum salinae.</subfield>
   </datafield>
</record>
</metadata></record></GetRecord></OAI-PMH>